Normal view
MARC view
- Zainuddin Ayip,
Entry Personal Name
001 - CONTROL NUMBER
- control field: 1874
003 - CONTROL NUMBER IDENTIFIER
- control field: OSt
005 - DATE AND TIME OF LATEST TRANSACTION
- control field: 20170505160325.0
008 - FIXED-LENGTH DATA ELEMENTS
- fixed length control field: 170505|| aca||aabn | a|a d
040 ## - CATALOGING SOURCE
- Original cataloging agency: OSt
- Transcribing agency: OSt
100 ## - HEADING--PERSONAL NAME
- Personal name: Zainuddin Ayip,
- Relator term: editor.
670 ## - SOURCE DATA FOUND
- Source citation: Work cat.: (OSt)0: Raflis Sabirin, Ustaz, 1966- author. 1873, PENGUBATAN AL-QURAN :

PORTAL AKMAL
E-MEL JKDM
AKMAL2U
G-BAM
u-PUSTAKA